The dynamics and thermodynamics of compressible fluid flow

Uloženo v:
Podrobná bibliografie
Hlavní autor: Shapiro, Ascher H (Autor)
Médium: Kniha
Jazyk:angličtina
Vydáno: Nueva York John Wiley 1953
Témata:
Tagy: Přidat tag
Žádné tagy, Buďte první, kdo vytvoří štítek k tomuto záznamu!

MARC

LEADER 00000nam a2200000 a 4500
001 UCW2114
003 CL-VaPUC
008 911003e19530000US |||||||||||||||||eng|d
082 0 4 |a 532.5  |b SHA  |2 21 
100 0 |a Shapiro, Ascher H  |e author  |9 306071 
245 1 4 |a The dynamics and thermodynamics of compressible fluid flow 
300 |a 2 v 
942 |c BK 
945 |d 19911003 00:00:00  |a mfernand 
260 |a Nueva York  |b John Wiley  |c 1953 
650 0 |a Mecánica de fluidos   |9 259464 
650 0 |a Termodinámica   |9 259320 
583 |a last modification  |c 19911003 00:00:00  |k Rodrigo Vera 
999 |c 216742  |d 216740